000 03576cam a2200457 i 4500
001 8523
003 FISKH
005 20250917123804.0
008 190924s2008 enka 000 1 eng d
010 _a 2019457138
020 _a9780194790697
_q(pbk.)
020 _a9780194790697
020 _a019479069X
_q(pbk.)
035 _a21216402
035 _a(OCoLC)350474174
037 _a52350
_bTVG
040 _aTVG
_beng
_cTVG
_dOCLCQ
_dCNCGM
_erda
_dDLC
050 0 0 _aPE1126.A4
_bB46 2008
082 0 4 _a428.6
100 1 _aBinder, Susan.
245 1 0 _aReturn to earth /
_cJohn Christopher ; retold by Susan Binder.
250 _aSimplified edition.
260 _aOxford :
_bOxford University Press,
_c2008.
300 _a56 pages :
_billustrations ;
_c20 cm.
336 _atext
_btxt
_2rdacontent
337 _aunmediated
_bn
_2rdamedia
338 _avolume
_bnc
_2rdacarrier
490 1 _aOxford bookworms. Stage 2
505 _aP
520 _aHelp your students read their way to better English with this new edition of the world's best graded readers - now with a new range of World Stories, fully revised Factfiles, more audio, and new tests. The new edition includes the original Bookworms stories, plus the Starters, Playscripts and Factfiles, making it easy for you to see the full choice of books at each Stage. The highly acclaimed seven-stage system of grading, from Starter to Stage 6, remains the same, helping you to find the right level for all your students. The Oxford Bookworms Library provides superb reading and student / teacher support for the classroom, and is also highly recommended for schools running Extensive Reading Programmes, offering the right range of books that encourage students to read for pleasure. Key Features Stunning NEW covers, to get students interested from the start. NEW World Stories - collections of short stories written in English from around the world - Africa, Australia, South Asia and more... UPDATED Factfiles, with NEW text and colour photos, and a new look. UPDATED Tests, including a NEW Multiple-choice Test for every book. NEW Teacher's Handbook for each Stage, with answers to the activities in all the books. UPDATED Activity Worksheets with a story summary & worksheets at Stages 1-4. MORE books available with Audio for students to listen to the complete text. Illustrations (including new ones in selected stories) to support the book and help introduce new vocabulary. About the Author information, Glossary and Activities section at the back of every book. FREE answer keys, tests, story summaries, and photocopiable activities from www.oup.com/elt/bookwormsDescription Fantasy & Horror 700 Headwords Wordcount 6,250 Available on Audio CDAs they walk through a park in the distant future, Harl and Ellen talk about their work and their lives. But they will never have a life together because their work as scientists is more important to them than their love. Harl plans to leave Earth, on a long and dangerous journey through space. Ellen plans to stay on Earth, to change the way the human mind works. When Harl returns to Earth, Ellen will be long dead . . . and the world will be a very different place.
521 8 _a530
_bLexile estimate
521 8 _aP
_bRaz-Plus
650 0 _aEnglish language
_xReading comprehension.
650 0 _aReaders.
650 7 _aReaders.
_2fast
_0(OCoLC)fst01090554
655 0 _aScience fiction, English.
655 0 _aAdventure stories, English.
906 _a7
_bcbc
_ccopycat
_d2
_encip
_f20
_gy-gencatlg
942 _2ddc
_cBK
_n0
999 _c8523
_d8523